| 000 | 01617nam a22002537a 4500 | ||
|---|---|---|---|
| 999 |
_c540 _d540 |
||
| 005 | 20190828145604.0 | ||
| 008 | 190821b ||||| |||| 00| 0 eng d | ||
| 020 | _a9780008164621 | ||
| 020 |
_a9780008284930 _qBox set |
||
| 040 | _cKH8 | ||
| 082 | _aFIC WAL | ||
| 100 | _aWalliams, David | ||
| 245 |
_aThe Midnight Gang / _cDavid Walliams ; illustrated by Tony Ross. |
||
| 260 |
_aLondon : _bHarperCollins Children's Books, _c 2018. |
||
| 300 |
_a476 pages : _b illustrations ; _c 20 cm. |
||
| 500 | _aFirst published: 2016. First published in Great Britain by HarperCollins Children's Books in 2016. Originally published: 2016. | ||
| 520 | _aWelcome to the Midnight Gang! Midnight is the time when all children are fast asleep, except of course for...the Midnight Gang. That is when their adventures are just beginning... When Tom gets hit on the head by a cricket ball, he finds himself at Lord Funt Hospital, and is greeted by a terrifying-looking porter. Things go from bad to worse when he meets the wicked matron in charge of the children's ward... But Tom is about to embark on the most thrilling journey of a lifetime! The Midnight Gang tells an extraordinarily heartwarming and, of course, funny story of five children on a hospital ward - and on a quest for adventure! It is a story of friendship and magic - and of making dreams come true. | ||
| 650 |
_aJuvenile Fiction _vAction & Adventure _xGeneral |
||
| 650 |
_aJuvenile Fiction _vFamily _xGeneral |
||
| 650 |
_aJuvenile Fiction _vHumorous Stories |
||
| 650 | _aChildren's stories. | ||
| 700 |
_aRoss, Tony _eIllustrator |
||
| 942 |
_2ddc _cFIC |
||